Statistics for Otočne zemlje

Click here to take the quiz!

General Stats

  • This quiz has been taken 287 times
    (286 since last reset)
  • The average score is 28 of 47

Answer Stats

GroupIme% Correct
EuropaMalta
89%
OceanijaNovi Zeland
89%
AfrikaMadagaskar
88%
EuropaIsland
87%
EuropaUjedinjena Kraljevina
83%
EuropaIrska
82%
Sjeverna AmerikaKuba
79%
AzijaJapan
78%
AzijaCipar
77%
AzijaIndonezija
75%
AzijaFilipini
73%
AzijaŠri Lanka
72%
Sjeverna AmerikaJamajka
68%
Sjeverna AmerikaDominika
67%
Sjeverna AmerikaBahami
65%
Sjeverna AmerikaHaiti
65%
AzijaMaldivi
64%
Sjeverna AmerikaSveta Lucija
64%
Sjeverna AmerikaDominikanska Republika
62%
OceanijaFidži
62%
AzijaTajvan
62%
AfrikaSejšeli
60%
Sjeverna AmerikaBarbados
56%
OceanijaSavezne Države Mikronezije
54%
AfrikaSveti Toma i Prinsipe
54%
OceanijaTuvalu
53%
OceanijaMaršalovi Otoci
52%
OceanijaPapua Nova Gvineja
52%
OceanijaSamoa
52%
Sjeverna AmerikaTrinidad i Tobago
52%
OceanijaKiribati
50%
Sjeverna AmerikaAntigva i Barbuda
49%
OceanijaVanuatu
49%
AzijaIstočni Timor
48%
OceanijaPalau
48%
OceanijaTonga
48%
AfrikaMauricijus
46%
OceanijaNauru
46%
AzijaSingapur
44%
Sjeverna AmerikaSveti Vincent i Grenadini
44%
AzijaBrunej
43%
Sjeverna AmerikaGrenada
43%
AfrikaKomori
43%
OceanijaSalomonski Otoci
39%
Sjeverna AmerikaSveti Kristofor i Nevis
37%
AzijaBahrein
34%
AfrikaZelenortska Republika
27%

Score Distribution

Percentile by Number Answered

Percent of People with Each Score

Your Score History

You have not taken this quiz since the last reset